000 00635nam a2200241Ia 4500
003 OSt
005 20220918194342.0
006 a|||||r|||| 00| 0
007 ta
008 220917b |||||||| |||| 00| 0 eng d
024 _a78,963
037 _cTextual
040 _aARTS
_cARTS
_beng
041 _2eng
_aeng
082 _aS:3, N4
100 _aSrinivasan G
_976394
245 0 _aInsights into inward consciousness
260 _aDelhi
_bIndian Council of Philosophical Research
_c1994
300 _axv,120p.
_ccm.
650 _aPSYCHOLOGY
942 _hS:3, N4
_cTEXL
_2CC
999 _c202740
_d202740